| 000 | 01014nam a2200241Ia 4500 | ||
|---|---|---|---|
| 003 | OSt | ||
| 005 | 20200820145923.0 | ||
| 008 | 191128s2010 ck gr 000 0 spa d | ||
| 020 | _a9789589974612 | ||
| 040 |
_aCo-JMCR _cCo-JMCR |
||
| 041 | 0 | _aspa | |
| 082 | 0 | 4 |
_a368.4 / _bR277t _223 |
| 100 | 1 |
_aRestrepo Otálvaro, Silvio, _eautor _99035 |
|
| 245 | 1 | 0 |
_aTransitoriedades Pensionales : _bestatuto de transitoriedad / _cSilvio Restrepo Otálvaro |
| 250 | _aPrimera edición | ||
| 260 |
_aPereira : _bUniversidad Libre de Colombia, _c2010. |
||
| 300 |
_a182 páginas ; _c 24 cm. |
||
| 500 | _aIncluye datos biográficos del autor en solapa frontal, bibliografía : páginas 180-181. | ||
| 505 | 0 | _aRégimen de transición -- Desarrollo constitucional, legal, reglamento y jurisprudencia del régimen de transición -- Traslado entre regímenes -- Regímenes anteriores -- El ingreso base de liquidación | |
| 650 | 2 | 4 |
_aRégimen constitucional _99036 |
| 650 | 2 | 4 |
_aRégimen jurídico _99037 |
| 942 |
_2ddc _cBK |
||
| 999 |
_c6040 _d6040 |
||